000 00398pab a2200145 454500
008 180718b2004 xxu||||| |||| 00| 0 eng d
100 _aSubramanian, Dilip
245 _aImpact of deregulation on a public sector firm: case study of ITI
260 _c2004
300 _ap.5233-245.
362 _a4 Dec
650 _aPublic enterprises
773 _aEconomic and Political Weekly
909 _a63540
999 _c63540
_d63540